000
00223 a2200109 4500
020
_a
9790382093097
041
_a
eng
100
_a
Abdelnoor, Jason R. E.
245
_a
Mathematical dictionary
942
_c
BK
999
_c
9894
_d
9894
999
_d
9894